Normal view
MARC view
- REMOTE SENSING- ENVIRONMENT
Entry Topical Term
001 - CONTROL NUMBER
- control field: 63527
003 - CONTROL NUMBER IDENTIFIER
- control field: NUST
005 - DATE AND TIME OF LATEST TRANSACTION
- control field: 20210628203131.0
008 - FIXED-LENGTH DATA ELEMENTS
- fixed length control field: 210628|| aca||aabn | a|a d
040 ## - CATALOGING SOURCE
- Original cataloging agency: NUST
- Transcribing agency: NUST
150 ## - HEADING--TOPICAL TERM
- Topical term or geographic name entry element: REMOTE SENSING- ENVIRONMENT
670 ## - SOURCE DATA FOUND
- Source citation: Work cat.: (NUST): Jensen, John.R 29676, Remote sensing of the environment, an earth resource perspective, 2006
